Cultura general fútbol #2 - Estadísticas

Estadísticas generales
  • Esta prueba ha sido intentada 9.058 veces
    9.039 desde el último reinicio
  • La puntuación promedio es 12 de 15
Estadísticas de respuestas
Pregunta Respuesta % Correcto
¿Qué país ha ganado más Eurocopas seguidas? España
94%
¿Quién es el mayor goleador de la Liga Española? Messi
92%
¿Qué jugador es de momento, el fichaje más caro de la historia? Neymar
92%
¿Qué equipo mantiene como lema, "You'll never walk alone"? Liverpool
90%
¿Qué equipo de la Premier League tiene más ligas ganadas? Manchester United
90%
¿Quién es conocido como “O Rei”? Pelé
90%
¿En qué año debutó Pep Guardiola como DT del F.C. Barcelona? 2008
89%
¿En qué posición juega el cancerbero de un equipo de fútbol? Portero
83%
En base a esta trayectoria, Real Sociedad - Atlético de Madrid - FC Barcelona - Atlético de Madrid. ¿De qué jugador estamos hablando? Griezmann
82%
¿Quién es el único portero que ha conseguido ganar un "Balón de Oro"? Yashin
82%
¿Cuál es El Clásico rival del PSG? Marsella
80%
¿Cuántos equipos albergará la próxima Copa del Mundo 2026? 48
71%
¿Quién tiene el récord de goles en la Bundesliga? Lewandowski
66%
¿En qué año fue transmitido el primer partido de fútbol por TV? 1937
53%
¿En qué país se encuentra el estadio con más capacidad en el mundo? Corea del Norte
44%
No se encontraron pruebas coincidentes
Distribución de puntuación
Porcentaje de gente con cada puntuación
Porcentaje por número respondido
Historial de tus puntuaciones
No has intentado esta prueba desde el último reinicio